00558nam a22001697a 450000500170000001000130001702000260003003500110005603700180006708200070008510000300009224500630012224600570018526000500024227000740029230000220036620220124160303.0 aUR-11407 c100.00a9789392496011 aU-9962 bDBAD/PUBadpl aک aشيخ عبد الغنی  aگلہر ی ا و ر چڑ يا cشيخ عبد الغنی  b‏Gilhari Aur Chidiya (Urdu)aby Shaikh Abdul Ghani aDelhi bEducational Publishing Housec2021 ء a3191,Vakil Street,Kucha Pandit,Lal Kuan,bDelhi e110006k23216162l- a56 ص c22 Cm(Hb)